| 000 | 00371nam a2200145Ia 4500 | ||
|---|---|---|---|
| 008 | 150201s2008 xx 000 0 und d | ||
| 082 |
_a612.015 _bM2008K |
||
| 100 | _aKAUR,HARPREET | ||
| 245 | _aMEDICAL BIOCHEMISTRY FOR PHY.STUDENTS | ||
| 250 | _a1ST | ||
| 260 |
_bJAYPEE MEDICAL PUBLISHER _aDELHI _c2008 |
||
| 300 | _a1-182 | ||
| 650 | _aBIOCHEMISTRY | ||
| 942 |
_2ddc _cBK |
||
| 999 |
_c4393 _d4393 |
||